| 000 | 01583nam a22003737a 4500 | ||
|---|---|---|---|
| 003 | OSt | ||
| 005 | 20230608100749.0 | ||
| 008 | 221006b |||||||| |||| 00| 0 eng d | ||
| 040 | _cBiblioteca Lado V | ||
| 082 |
_a800 _bC823f |
||
| 100 |
_9848 _aCorrales Arias, Adriano _edirector |
||
| 245 | _aFronteras/ | ||
| 260 |
_aInstituto Tecnológico de Costa Rica _c2001 _bCosta Rica |
||
| 300 |
_c21.5x31cm _a84p. |
||
| 366 | _espa | ||
| 490 |
_a10 _v2001 _x1409-0236 |
||
| 505 | _tEDITORIAL | ||
| 505 |
_tTertulia _aEl grupo 8 democratizo el arte costarricense |
||
| 505 |
_tRaices _aMiralles o el país imaginado |
||
| 505 |
_tReflexiones _aLa Universidad frente a la globalización Gracia Monge: Editor Continental Censura y autocensura en la sociedad globalizada Notas sobre el IV Simposio Internacional Libertad El anarquismo de Emma Goldman |
||
| 505 |
_tComunidades _aHomenaje a Luis Ferrero |
||
| 505 |
_tTrapiche _aAforismo Poesia Cuento: Mi abuela |
||
| 505 | _tReseña Especial: Región, identidad y Cultura El libro de los Gozos | ||
| 505 | _tADUANA/77 | ||
| 505 | _tA la tica | ||
| 650 |
_2Tesauro de Arte & Arquitectura _aLITERATURA _9703 |
||
| 650 |
_2Tesauro de Arte & Arquitectura _aNARRATIVA _9702 |
||
| 650 |
_2Tesauro de Arte & Arquitectura _aCUENTO _9702 |
||
| 650 |
_2Tesauro de Arte & Arquitectura _aPOESIA |
||
| 650 |
_2Tesauro de Arte & Arquitectura _aCOSTA RICA |
||
| 650 |
_2Tesauro de Arte & Arquitectura _aCULTURA |
||
| 700 |
_aNavarreta, Jose Antonio _eeditor |
||
| 942 |
_2ddc _c1 _h800 _iC823f _n0 |
||
| 999 |
_c3820 _d3820 |
||